| 000 | 00397nam a2200157Ia 4500 | ||
|---|---|---|---|
| 005 | 20250703032504.0 | ||
| 008 | 240331s9999 xx 000 0 und d | ||
| 020 | _a9558091162 | ||
| 082 |
_bDES _a891 |
||
| 100 | _aDe Silva,A | ||
| 245 | 0 | _aDilisena pihatu | |
| 260 |
_aBlangoda _bTharaka Publishers |
||
| 300 | _a223 p ., | ||
| 500 | _aA translation of the Novel Beautiful Feathers | ||
| 942 | _cL | ||
| 999 |
_c5363 _d5363 |
||